| 000 | 00368nam a2200097Ia 4500 | ||
|---|---|---|---|
| 008 | 180130s9999 xx 000 0 und d | ||
| 245 |
_cYee, George O.M. _aSecurity metrics: an introduction and literature review |
||
| 260 | _c2013 | ||
| 300 | _aBook title: Computer and information security handbook--Acession number C20545; pages 553-566 | ||
| 650 | _aINFORMATION SECURITY | ||
| 999 |
_c354155 _d354155 |
||